| 000 | 00966nam a22002057a 4500 | ||
|---|---|---|---|
| 999 |
_c10609 _d10609 |
||
| 003 | AR-CdUCM | ||
| 008 | 190401b ||||| |||| 00| 0 spa d | ||
| 040 |
_aMUNICIPALIDAD PROVINCIAL DEL CUSCO _cBIBLIOTECA MUNICIPAL DEL CUSCO |
||
| 082 |
_a320.985 / _bB28 / 1967 |
||
| 100 |
_aBaudouin Laos, Julio, _927567 |
||
| 245 |
_aEl pueblo debe saber : _bcandentes temas del momento político actual / |
||
| 260 |
_bPacifico sur, _c1967. |
||
| 300 |
_a100 paginas ; _c20 cm. |
||
| 505 | _aContenido : El principio de autoridad y las lecciones de la opinión publica -- El Perú bajo la acción de males físicos y morales -- La administración publica como problema nacional -- El fracaso de los concejos municipales -- La independencia de la universidad en su misión forjadora... | ||
| 650 |
_aAdministración publica en el Perú _927568 |
||
| 650 |
_aPresupuesto central _927569 |
||
| 650 |
_aConcejos municipales _927570 |
||
| 942 |
_2ddc _cLIBROS |
||
| 945 | _awnts | ||